000 00553cam a2200181 4500500
005 20260329004021.0
041 _afre
042 _adc
100 1 0 _aGuillot, Apolline
_eauthor
245 0 0 _aAu gré des jours
260 _c2017.
500 _a22
690 _aCatherine Portevin
690 _aFéminisme
690 _aFrançoise Héritier
786 0 _nPhilosophie magazine | 115 | 12-1 | 2017-12-01 | p. 42-42 | 1951-1787
856 4 1 _uhttps://shs.cairn.info/magazine-philosophie-magazine-2017-12-1-page-42?lang=fr&redirect-ssocas=7080
999 _c1829799
_d1829799